La selva del lenguaje: introducción a un diccionario de los sentimientos

Salvato in:
Dettagli Bibliografici
Autore principale: Marina, José Antonio (autor)
Natura: Libro
Lingua:spagnolo
Pubblicazione: Barcelona Anagrama 1998
Edizione:1a. ed
Serie:Colección Argumentos, 219
Soggetti:
Tags: Aggiungi Tag
Nessun Tag, puoi essere il primo ad aggiungerne!!

MARC

LEADER 00000nam a2200000 a 4500
001 UCK0248
003 CL-VaPUC
008 040924e19980000SP |||||||||||||||||spa|d
020 |a 8433905694 
082 0 4 |a 401.9  |b MAR  |2 21 
100 |a Marina, José Antonio  |e autor  |9 574042 
245 1 3 |a La selva del lenguaje: introducción a un diccionario de los sentimientos 
250 |a 1a. ed 
300 |a 310 p 
942 |c BK 
945 |d 20040924 00:00:00  |a cmena 
260 |a Barcelona  |b Anagrama  |c 1998 
650 0 |a Psicolingüística   |9 283371 
650 0 |a Filosofía del lenguaje  |9 257082 
650 0 |a Lingüística  |9 265068 
650 0 |a Medios de comunicación  |9 257206 
583 |a last modification  |c 20040924 00:00:00  |k Rodrigo Vera 
490 0 |a Colección Argumentos, 219 
999 |c 310736  |d 310734 
952 |0 0  |1 0  |4 0  |6 401_900000000000000_MAR_1998  |7 0  |8 A  |9 379675  |a BIBEDU  |b BIBEDU  |d 2019-11-21  |i 4065964  |o 401.9 MAR 1998  |p 4065964  |r 2019-11-21  |w 2019-11-21  |y BK  |k PAR